[Event "Titled Tuesday intern op 24th Oct Early"]
[Site "Chess.com INT"]
[Date "2023.10.24"]
[Round "3"]
[White "Hoffmann, Asa"]
[Black "Granados Diaz, Maria Esther"]
[Result "1-0"]
[WhiteElo "2185"]
[BlackElo "1830"]
[PlyCount "63"]
[EventDate "2023.10.24"]
[EventType "swiss (blitz)"]
[EventRounds "11"]
[EventCountry "USA"]
[SourceTitle "EXT 2025"]
[Source "ChessBase"]
[SourceDate "2024.10.14"]
[SourceVersion "1"]
[SourceVersionDate "2024.10.14"]
[SourceQuality "1"]

1. d4 Nf6 2. Bg5 c5 3. d5 d6 4. Nc3 e6 5. e4 Be7 6. Nf3 0-0 7. dxe6 Bxe6 8. e5 dxe5 9. Nxe5 Nd5 10. Bxe7 Nxe7 11. Be2 Nbc6 12. Nd3 b6 13. Bf3 Rc8 14. Nf4 Bc4 15. Be2 Bxe2 16. Nfxe2 Qc7 17. 0-0 Rfd8 18. Qc1 Nf5 19. Qg5 Nfd4 20. Ng3 h6 21. Qh4 Nxc2 22. Rac1 N2d4 23. Nce4 Qe5 24. Rfe1 Re8 25. h3 f5 26. Nc3 Qxe1+ 27. Rxe1 Rxe1+ 28. Kh2 Rf8 29. Nh5 Ne5 30. Qg3 g5 31. f4 Ne2 32. Qxe1 1-0

[Event "NCA-ch (Women)"]
[Site "Managua"]
[Date "2023.03.26"]
[Round "2"]
[White "Granados Diaz, Maria Esther"]
[Black "Cabezas Calero, Abigail Carolina"]
[Result "0-1"]
[WhiteElo "1868"]
[BlackElo "1581"]
[PlyCount "174"]
[EventDate "2023.03.25"]
[EventType "swiss"]
[EventRounds "9"]
[EventCountry "NCA"]
[SourceTitle "EXT 2024"]
[Source "ChessBase"]
[SourceDate "2023.10.10"]
[SourceVersion "1"]
[SourceVersionDate "2023.10.10"]
[SourceQuality "1"]

1. e4 c6 2. d4 d5 3. e5 Nd7 4. Bd3 e6 5. Nf3 Be7 6. c3 b6 7. h4 h6 8. a4 c5 9. g3 Bb7 10. Nh2 cxd4 11. cxd4 Bb4+ 12. Nd2 Ne7 13. Qg4 g6 14. 0-0 Nf5 15. Nb3 Qe7 16. a5 Bc6 17. axb6 Nxb6 18. Qe2 a5 19. Ng4 a4 20. Bb5 Qb7 21. Bd2 Be7 22. Na5 Nxd4 23. Bxc6+ Qxc6 24. Qd3 Qb5 25. Qxd4 Rxa5 26. Bxa5 Qxa5 27. Qf4 Qb4 28. Nf6+ Kd8 29. Qc1 Bxf6 30. exf6 Kd7 31. Rd1 h5 32. Qe3 Rb8 33. Rac1 Rb7 34. Qd3 Qa5 35. Qd4 Nc8 36. Rc5 Qb4 37. Rc4 Qxb2 38. Qf4 Qb3 39. Rcc1 a3 40. Rb1 Qxb1 41. Rxb1 Rxb1+ 42. Kg2 Nb6 43. Qd2 Nc4 44. Qc2 Rb4 45. Qc3 a2 46. Qxb4 a1Q 47. Qe7+ Kc6 48. Qxf7 Qe5 49. Qxg6 Qe2 50. Qe8+ Kc5 51. Qe7+ Kd4 52. Qa7+ Ke4 53. f7 Qf3+ 54. Kg1 Qd1+ 55. Kh2 Qf3 56. Kg1 Qd1+ 57. Kg2 Qf3+ 58. Kh2 Qf5 59. Kg1 Qf3 60. Kh2 Qf5 61. f4 Qf6 62. Qb7 Nd6 63. Qb1+ Ke3 64. Qb3+ Ke2 65. Qc2+ Ke1 66. Qc1+ Ke2 67. Qc2+ Ke1 68. Qb1+ Ke2 69. Qa2+ Ke1 70. Qa5+ Kd1 71. Qa4+ Ke2 72. Qc2+ Ke1 73. Qb1+ Ke2 74. Qa2+ Ke1 75. Qa5+ Kd1 76. Qa4+ Ke2 77. Qa6+ Nc4 78. f8Q Qxf8 79. Qxe6+ Ne3 80. Qe5 Qf5 81. Qb2+ Qc2 82. Qxc2+ Nxc2 83. f5 Nd4 84. g4 hxg4 85. f6 Ne6 86. h5 d4 87. h6 Nf8 0-1

[Event "NCA-ch sf"]
[Site "Managua"]
[Date "2023.02.05"]
[Round "6.6"]
[White "Valle Alonso, Moises Abraham"]
[Black "Granados Diaz, Maria Esther"]
[Result "1-0"]
[WhiteElo "1699"]
[BlackElo "1873"]
[PlyCount "37"]
[EventDate "2023.01.28"]
[EventType "swiss"]
[EventRounds "9"]
[EventCountry "NCA"]
[SourceTitle "CBM 213 Extra"]
[Source "ChessBase"]
[SourceDate "2023.05.31"]
[SourceVersion "1"]
[SourceVersionDate "2023.05.31"]
[SourceQuality "1"]

1. e4 c5 2. Nf3 a6 3. c4 e6 4. Nc3 Ne7 5. d4 cxd4 6. Nxd4 d5 7. exd5 exd5 8. Bf4 Ng6 9. Bg3 Be7 10. Nxd5 0-0 11. Be2 Bd6 12. 0-0 b5 13. Bf3 Bb7 14. Bxd6 Qxd6 15. Re1 Ra7 16. Nf5 Qc5 17. b4 Qxc4 18. Rc1 Qxa2 19. Qd4 1-0

[Event "NCA-ch sf"]
[Site "Managua"]
[Date "2023.02.04"]
[Round "4.5"]
[White "Mendoza Taisigue, Jackson Alexander"]
[Black "Granados Diaz, Maria Esther"]
[Result "0-1"]
[WhiteElo "1949"]
[BlackElo "1873"]
[PlyCount "86"]
[EventDate "2023.01.28"]
[EventType "swiss"]
[EventRounds "9"]
[EventCountry "NCA"]
[SourceTitle "CBM 213 Extra"]
[Source "ChessBase"]
[SourceDate "2023.05.31"]
[SourceVersion "1"]
[SourceVersionDate "2023.05.31"]
[SourceQuality "1"]

1. c4 e5 2. d3 Nf6 3. Nc3 d5 4. cxd5 Nxd5 5. Nf3 Nc6 6. g3 Be7 7. Bg2 Be6 8. 0-0 0-0 9. Bd2 Qd7 10. Nxd5 Bxd5 11. Bc3 Bf6 12. Ne1 Nd4 13. e4 Be6 14. f4 Bg4 15. Qd2 Bh3 16. Bxh3 Qxh3 17. Bxd4 exd4 18. Nf3 Be7 19. Qf2 c5 20. f5 Rac8 21. b3 Rfe8 22. Rae1 b5 23. Kh1 Qh6 24. e5 Qc6 25. Re4 f6 26. Kg1 fxe5 27. Nxe5 Qd5 28. Qf4 Bd6 29. Rfe1 Rc7 30. f6 Rf8 31. Qg4 Rxf6 32. Nd7 Rf7 33. Re8+ Bf8 34. Nxf8 Rxf8 35. R8e7 Rxe7 36. Rxe7 g6 37. Rxa7 Qe5 38. Qe4 Qxe4 39. dxe4 d3 40. Rd7 c4 41. bxc4 bxc4 42. Rd4 Rc8 43. Kf2 c3 0-1

[Event "NCA-ch sf"]
[Site "Managua"]
[Date "2023.01.28"]
[Round "1.14"]
[White "Granados Diaz, Maria Esther"]
[Black "Olivares, Odell"]
[Result "1-0"]
[WhiteElo "1873"]
[BlackElo "1529"]
[PlyCount "55"]
[EventDate "2023.01.28"]
[EventType "swiss"]
[EventRounds "9"]
[EventCountry "NCA"]
[SourceTitle "CBM 213 Extra"]
[Source "ChessBase"]
[SourceDate "2023.05.31"]
[SourceVersion "1"]
[SourceVersionDate "2023.05.31"]
[SourceQuality "1"]

1. e4 e5 2. f4 d5 3. exd5 exf4 4. Nf3 Nf6 5. Bc4 Bd6 6. 0-0 0-0 7. Nc3 a6 8. Ne2 b5 9. Bb3 Nbd7 10. d4 Re8 11. Bxf4 Bb7 12. Bxd6 cxd6 13. Qd3 Qe7 14. Ng3 Qe3+ 15. Qxe3 Rxe3 16. Nf5 Rxf3 17. Rxf3 Bxd5 18. Ne7+ Kf8 19. Nxd5 Re8 20. Nxf6 Nxf6 21. Raf1 d5 22. Rxf6 gxf6 23. Rxf6 Re6 24. Rxe6 fxe6 25. a4 b4 26. c4 bxc3 27. bxc3 a5 28. c4 1-0

[Event "Titled Tuesday intern op 17th Jan Early"]
[Site "Chess.com INT"]
[Date "2023.01.17"]
[Round "4"]
[White "Bozorov, Makhsum"]
[Black "Granados Diaz, Maria Esther"]
[Result "1-0"]
[WhiteElo "2145"]
[BlackElo "1873"]
[PlyCount "51"]
[EventDate "2023.01.17"]
[EventType "swiss (blitz)"]
[EventRounds "11"]
[EventCountry "USA"]
[SourceTitle "CBM 212 Extra"]
[Source "ChessBase"]
[SourceDate "2023.03.31"]
[SourceVersion "1"]
[SourceVersionDate "2023.03.31"]
[SourceQuality "1"]

1. d4 Nf6 2. c4 e5 3. dxe5 Ne4 4. Nf3 b6 5. Nbd2 Bb7 6. Nxe4 Bxe4 7. e3 Bb4+ 8. Bd2 Qe7 9. Be2 Nc6 10. 0-0 Bxd2 11. Qxd2 Nxe5 12. Nxe5 Qxe5 13. Qd4 Qe6 14. Rad1 0-0-0 15. c5 Kb8 16. a4 h5 17. a5 h4 18. axb6 axb6 19. cxb6 cxb6 20. Ra1 Bb7 21. Rfd1 Rh6 22. Qa4 Qe4 23. Qa7+ Kc7 24. Rac1+ Rc6 25. Bf3 Rxc1 26. Rxc1+ 1-0

[Event "Olympiad Women-44"]
[Site "Chennai"]
[Date "2022.08.05"]
[Round "7.1"]
[White "Varela la Madrid, Tilsia Carolin"]
[Black "Granados Diaz, Maria Esther"]
[Result "1-0"]
[WhiteElo "2079"]
[BlackElo "1888"]
[PlyCount "83"]
[EventDate "2022.07.29"]
[EventType "team-swiss"]
[EventRounds "11"]
[EventCountry "IND"]
[SourceTitle "CBM 210"]
[Source "ChessBase"]
[SourceDate "2022.10.31"]
[SourceVersion "1"]
[SourceVersionDate "2022.10.31"]
[SourceQuality "1"]
[WhiteTeam "Venezuela (W)"]
[BlackTeam "Nicaragua (W)"]
[WhiteTeamCountry "VEN"]
[BlackTeamCountry "NCA"]

1. e4 Nf6 2. e5 Nd5 3. c4 Nb6 4. d4 d6 5. f4 dxe5 6. fxe5 Nc6 7. Be3 Bf5 8. Nf3 e6 9. Be2 Bxb1 10. Rxb1 Bb4+ 11. Kf2 0-0 12. c5 Nd5 13. a3 Ba5 14. b4 Nc3 15. Qc2 Nxb1 16. Rxb1 f6 17. Kg1 f5 18. Bc4 Qd7 19. Qb3 Rae8 20. Bxe6+ Qxe6 21. d5 Qf7 22. dxc6 Qxb3 23. Rxb3 bxc6 24. bxa5 Rb8 25. Rd3 Rfd8 26. Rxd8+ Rxd8 27. Nd4 f4 28. Bf2 Rd5 29. Nf3 Rd1+ 30. Be1 Rc1 31. Kf1 Rxc5 32. Ke2 Rc2+ 33. Bd2 c5 34. Kd3 Ra2 35. Kc4 Rxa3 36. Kxc5 Ra2 37. Kc6 g5 38. e6 Ra3 39. Ne5 Ra2 40. e7 Rc2+ 41. Kb7 Rb2+ 42. Kxa7 1-0

[Event "Olympiad Women-44"]
[Site "Chennai"]
[Date "2022.08.01"]
[Round "4.1"]
[White "Granados Diaz, Maria Esther"]
[Black "Heba, Assi"]
[Result "0-1"]
[WhiteElo "1888"]
[BlackElo "1449"]
[PlyCount "78"]
[EventDate "2022.07.29"]
[EventType "team-swiss"]
[EventRounds "11"]
[EventCountry "IND"]
[SourceTitle "CBM 210"]
[Source "ChessBase"]
[SourceDate "2022.10.31"]
[SourceVersion "1"]
[SourceVersionDate "2022.10.31"]
[SourceQuality "1"]
[WhiteTeam "Nicaragua (W)"]
[BlackTeam "Palestine (W)"]
[WhiteTeamCountry "NCA"]
[BlackTeamCountry "PLE"]

1. e4 c5 2. Nf3 d6 3. d4 cxd4 4. Nxd4 Nf6 5. Nc3 a6 6. Bg5 e6 7. f4 Be7 8. Qf3 Qc7 9. 0-0-0 b5 10. g4 Bb7 11. Bg2 b4 12. Bxf6 bxc3 13. Bxg7 cxb2+ 14. Kb1 Rg8 15. Bh6 Nd7 16. Rhe1 Rc8 17. Rd2 d5 18. exd5 Bb4 19. Nxe6 fxe6 20. Rxe6+ Kd8 21. Qh3 Qc5 22. d6 Qg1+ 23. Bf1 Rxg4 24. Rde2 Bxd6 25. Rxd6 Bg2 26. Rxd7+ Kxd7 27. Qd3+ Kc7 28. Re7+ Kb8 29. Qd6+ Ka8 30. Qxa6+ Kb8 31. Qb5+ Ka8 32. Qa4+ Kb8 33. Qb4+ Ka8 34. Qa3+ Kb8 35. Qxb2+ Ka8 36. Qa3+ Kb8 37. Qd6+ Ka8 38. Qa6+ Kb8 39. Re1 Rg6 0-1

[Event "Titled Tuesday intern op 19th Jul Late"]
[Site "Chess.com INT"]
[Date "2022.07.19"]
[Round "5"]
[White "Zhou, Qiyu"]
[Black "Granados Diaz, Maria Esther"]
[Result "0-1"]
[WhiteElo "2201"]
[BlackElo "1888"]
[PlyCount "50"]
[EventDate "2022.07.19"]
[EventType "swiss (blitz)"]
[EventRounds "11"]
[EventCountry "USA"]
[SourceTitle "EXT 2023"]
[Source "ChessBase"]
[SourceDate "2022.10.05"]
[SourceVersion "1"]
[SourceVersionDate "2022.10.05"]
[SourceQuality "1"]

1. e4 c5 2. Nf3 Nc6 3. d4 cxd4 4. Nxd4 e5 5. Nb5 a6 6. N5a3 Nf6 7. Bg5 d5 8. exd5 Qxd5 9. Bxf6 Qxd1+ 10. Kxd1 gxf6 11. Nc3 Bf5 12. Nc4 0-0-0+ 13. Kc1 Nd4 14. Ne3 Bg6 15. Bd3 Bxd3 16. cxd3 Bh6 17. b3 Rhg8 18. g3 Nf5 19. Kd2 Rd4 20. Rac1 Kb8 21. Ne4 Rgd8 22. Nxf6 Rxd3+ 23. Ke2 Rd2+ 24. Kf3 Nd4+ 25. Kg2 Bxe3 0-1

[Event "NCA-ch (Women)"]
[Site "Managua"]
[Date "2022.04.24"]
[Round "9"]
[White "Granados Diaz, Maria Esther"]
[Black "Narvaez Talavera, Joanie Ellen"]
[Result "0-1"]
[WhiteElo "1920"]
[BlackElo "1743"]
[PlyCount "76"]
[EventDate "2022.04.02"]
[EventType "swiss"]
[EventRounds "9"]
[EventCountry "NCA"]
[SourceTitle "EXT 2023"]
[Source "ChessBase"]
[SourceDate "2022.10.05"]
[SourceVersion "1"]
[SourceVersionDate "2022.10.05"]
[SourceQuality "1"]

1. e4 e6 2. d4 d5 3. e5 c5 4. c3 Nc6 5. Nf3 Qb6 6. Bd3 Nh6 7. b4 cxd4 8. b5 Na5 9. Nxd4 Nf5 10. Nxf5 exf5 11. 0-0 Bc5 12. Qf3 0-0 13. Qxd5 Be6 14. Qf3 Nc4 15. Qe2 Qc7 16. Bf4 Nb6 17. Kh1 Nd5 18. Bc1 Rad8 19. a3 Rd7 20. Bc2 Be7 21. a4 Nxc3 22. Nxc3 Qxc3 23. Bf4 Bc4 24. Qh5 Bxf1 25. Rc1 g6 26. Qh6 Bd3 27. Bb1 Bxb1 28. Rxb1 Qd3 29. Rg1 Rfd8 30. h4 Qe4 31. f3 Qxa4 32. e6 fxe6 33. h5 Bf8 34. Qg5 Qd4 35. g4 Be7 36. Qh6 Qg7 37. gxf5 Qxh6 38. Bxh6 Rd1 0-1

[Event "NCA-ch sf"]
[Site "Managua"]
[Date "2022.02.13"]
[Round "3"]
[White "Granados Diaz, Maria Esther"]
[Black "Castillo Sevilla, Ian Eiffel"]
[Result "0-1"]
[WhiteElo "1880"]
[BlackElo "2062"]
[PlyCount "152"]
[EventDate "2022.02.12"]
[EventType "swiss"]
[EventRounds "9"]
[EventCountry "NCA"]
[SourceTitle "EXT 2023"]
[Source "ChessBase"]
[SourceDate "2022.10.05"]
[SourceVersion "1"]
[SourceVersionDate "2022.10.05"]
[SourceQuality "1"]

1. e4 c6 2. c4 d5 3. exd5 cxd5 4. d4 Nf6 5. Nc3 e6 6. c5 b6 7. b4 a5 8. Na4 Nbd7 9. a3 axb4 10. axb4 bxc5 11. bxc5 Be7 12. Nf3 0-0 13. Bd3 e5 14. Nxe5 Nxe5 15. dxe5 Ne4 16. 0-0 Nxc5 17. Bb5 Qa5 18. Bc6 Ra6 19. Bd2 Qc7 20. Bb5 Nxa4 21. Rxa4 Rxa4 22. Qxa4 Qxe5 23. Re1 Qf6 24. Be3 Be6 25. Bd4 Qh6 26. Bd7 Bd6 27. g3 Qd2 28. Rf1 Bxd7 29. Qxd7 Qxd4 30. Qxd6 g6 31. Re1 Ra8 32. Re5 Rc8 33. Qxd5 Qa1+ 34. Kg2 Rc1 35. Re8+ Kg7 36. Qe5+ Qxe5 37. Rxe5 Kf6 38. Ra5 g5 39. g4 Kg6 40. h3 Rc4 41. Kg3 f6 42. h4 Rc3+ 43. Kg2 gxh4 44. Rh5 h6 45. Rxh4 Kg5 46. Rh1 Kxg4 47. Rxh6 f5 48. Rg6+ Kf4 49. Rg8 Rc7 50. Rg3 Rh7 51. Rf3+ Kg5 52. Rg3+ Kf6 53. f4 Ra7 54. Rb3 Kg6 55. Kf3 Ra1 56. Rb6+ Kh5 57. Rf6 Ra3+ 58. Kf2 Kg4 59. Rf8 Kxf4 60. Kf1 Ra2 61. Rf7 Kg4 62. Rg7+ Kf3 63. Ke1 Ra1+ 64. Kd2 f4 65. Rg8 Kf2 66. Rf8 f3 67. Rf7 Ra8 68. Rf6 Rd8+ 69. Kc2 Ke2 70. Rf7 Rc8+ 71. Kb2 f2 72. Re7+ Kf1 73. Rf7 Re8 74. Rc7 Ke2 75. Rc2+ Kf3 76. Rc3+ Kg2 0-1

[Event "NCA-ch Fase 2"]
[Site "Managua"]
[Date "2022.02.06"]
[Round "9"]
[White "Granados Diaz, Maria Esther"]
[Black "Vallecillo, Saul"]
[Result "1/2-1/2"]
[WhiteElo "1880"]
[BlackElo "1836"]
[PlyCount "76"]
[EventDate "2022.01.22"]
[EventType "swiss"]
[EventRounds "9"]
[EventCountry "NCA"]
[SourceTitle "CBM 207 Extra"]
[Source "ChessBase"]
[SourceDate "2022.05.31"]
[SourceVersion "1"]
[SourceVersionDate "2022.05.31"]
[SourceQuality "1"]

1. e4 c5 2. Nf3 e6 3. d4 cxd4 4. Nxd4 a6 5. c4 Nf6 6. Bd3 Qb6 7. Nb3 d6 8. 0-0 Bd7 9. Nc3 Bc6 10. Be3 Qc7 11. Rc1 Nbd7 12. f4 Qd8 13. Nd4 Rc8 14. Nxc6 Rxc6 15. Qe2 Be7 16. b3 0-0 17. Rfd1 Qc8 18. Bd4 e5 19. Be3 exf4 20. Bxf4 Ne5 21. Bb1 Qg4 22. Qxg4 Nexg4 23. Nd5 Nxd5 24. exd5 Rc7 25. Re1 Rd8 26. c5 f6 27. cxd6 Rxc1 28. Rxc1 Bxd6 29. Bxd6 Rxd6 30. Bf5 Ne3 31. Be6+ Kf8 32. Rc8+ Ke7 33. Rc7+ Kd8 34. Rxb7 Nxd5 35. Bxd5 Rxd5 36. Rxg7 Rd1+ 37. Kf2 Rd2+ 38. Kf3 Rxa2 1/2-1/2

[Event "NCA-ch Fase 2"]
[Site "Managua"]
[Date "2022.01.30"]
[Round "5"]
[White "Granados Lopez, Fidel"]
[Black "Granados Diaz, Maria Esther"]
[Result "1/2-1/2"]
[WhiteElo "1766"]
[BlackElo "1880"]
[PlyCount "61"]
[EventDate "2022.01.22"]
[EventType "swiss"]
[EventRounds "9"]
[EventCountry "NCA"]
[SourceTitle "CBM 207 Extra"]
[Source "ChessBase"]
[SourceDate "2022.05.31"]
[SourceVersion "1"]
[SourceVersionDate "2022.05.31"]
[SourceQuality "1"]

1. e4 c5 2. Nf3 Nc6 3. d4 cxd4 4. Nxd4 e5 5. Nxc6 bxc6 6. c4 Nf6 7. Bg5 Be7 8. Bxf6 Bxf6 9. Be2 0-0 10. 0-0 Rb8 11. b3 Bb7 12. Nc3 Qa5 13. Qd3 Rfd8 14. h3 d5 15. exd5 cxd5 16. Nxd5 Bxd5 17. cxd5 e4 18. Qxe4 Bxa1 19. Rxa1 Qxd5 20. Qxd5 Rxd5 21. Bc4 Rc5 22. Rd1 Rbc8 23. Rd7 R5c7 24. Bxf7+ Kf8 25. Rxc7 Rxc7 26. Bc4 Ke7 27. Kf1 Kd6 28. Ke2 Kc5 29. Kd3 Kb4 30. Kd4 Rd7+ 31. Ke4 1/2-1/2

[Event "Managua Gomez Argenal Memorial"]
[Site "Managua"]
[Date "2021.06.20"]
[Round "9"]
[White "Granados Diaz, Maria Esther"]
[Black "Ortiz, Marcos"]
[Result "0-1"]
[WhiteElo "1881"]
[BlackElo "2202"]
[PlyCount "61"]
[EventDate "2021.05.29"]
[EventType "swiss"]
[EventRounds "9"]
[EventCountry "NCA"]
[SourceTitle "EXT 2022"]
[Source "ChessBase"]
[SourceDate "2021.10.06"]
[SourceVersion "1"]
[SourceVersionDate "2021.10.06"]
[SourceQuality "1"]

1. e4 c5 2. Nf3 d6 3. d4 cxd4 4. Nxd4 Nf6 5. Nc3 a6 6. Bg5 Nbd7 7. f4 Qc7 8. Qf3 h6 9. Bh4 g5 10. fxg5 hxg5 11. Bxg5 Qc5 12. Qe3 Ng4 13. Qd2 Ndf6 14. Nb3 Qe5 15. Bf4 Qh5 16. Be2 e5 17. Bg5 Qg6 18. h4 Be6 19. 0-0-0 Rc8 20. Bf3 Nh7 21. Kb1 Nxg5 22. hxg5 Rg8 23. Nd5 Bxd5 24. exd5 Qxg5 25. Qb4 b5 26. Nd2 Nf2 27. Rh5 Qg6 28. Rc1 Nd3 29. Qe4 Nxc1 30. Kxc1 Qxe4 31. Nxe4 0-1

[Event "Managua Gomez Argenal Memorial"]
[Site "Managua"]
[Date "2021.06.20"]
[Round "8"]
[White "Quintero, Armando"]
[Black "Granados Diaz, Maria Esther"]
[Result "0-1"]
[WhiteElo "1852"]
[BlackElo "1881"]
[PlyCount "60"]
[EventDate "2021.05.29"]
[EventType "swiss"]
[EventRounds "9"]
[EventCountry "NCA"]
[SourceTitle "EXT 2022"]
[Source "ChessBase"]
[SourceDate "2021.10.06"]
[SourceVersion "1"]
[SourceVersionDate "2021.10.06"]
[SourceQuality "1"]

1. Nf3 d5 2. d4 Nf6 3. c4 e6 4. Nc3 Bb4 5. e3 0-0 6. Bd3 b6 7. 0-0 Bb7 8. cxd5 Nxd5 9. a3 Nxc3 10. Qc2 Bd6 11. bxc3 h6 12. e4 c5 13. Be3 Nd7 14. Rad1 cxd4 15. cxd4 Bxa3 16. Qb3 Be7 17. Bb1 a5 18. Ne5 Bb4 19. Nxd7 Qxd7 20. Rc1 Rfc8 21. Rxc8+ Rxc8 22. Qd3 Rc3 23. Qe2 Qc8 24. Qg4 e5 25. Qh4 exd4 26. Bxd4 Rc1 27. Bb2 Rxf1+ 28. Kxf1 Qc4+ 29. Kg1 Qe2 30. Qd8+ Bf8 0-1

[Event "Managua Gomez Argenal Memorial"]
[Site "Managua"]
[Date "2021.06.06"]
[Round "4"]
[White "Diego Martinez, Humberto Jose"]
[Black "Granados Diaz, Maria Esther"]
[Result "1-0"]
[WhiteElo "2083"]
[BlackElo "1881"]
[PlyCount "79"]
[EventDate "2021.05.29"]
[EventType "swiss"]
[EventRounds "9"]
[EventCountry "NCA"]
[SourceTitle "EXT 2022"]
[Source "ChessBase"]
[SourceDate "2021.10.06"]
[SourceVersion "1"]
[SourceVersionDate "2021.10.06"]
[SourceQuality "1"]

1. d4 d5 2. Nc3 Nf6 3. Bf4 c6 4. e3 e6 5. Bd3 Bd6 6. Bg5 h6 7. Bh4 e5 8. dxe5 Bxe5 9. Nf3 Bxc3+ 10. bxc3 Nbd7 11. 0-0 0-0 12. c4 Qa5 13. cxd5 Nxd5 14. a3 Nc5 15. c4 Nxd3 16. Qxd3 Nb6 17. Be7 Re8 18. Bb4 Qh5 19. c5 Nd5 20. Nd4 Bg4 21. Bd2 Rad8 22. Rac1 Nf6 23. f3 Bc8 24. e4 Nd7 25. Bb4 Ne5 26. Qc3 Ng6 27. Ba5 b6 28. cxb6 Rxd4 29. Qxd4 Qxa5 30. bxa7 Nf4 31. Qc5 Qa6 32. Kh1 Bb7 33. Qd6 Ng6 34. Qb8 Rc8 35. Rfd1 Kh7 36. h3 h5 37. Rd7 Ba8 38. Rb1 Rg8 39. Qe5 Qe2 40. Qxh5# 1-0

[Event "Managua Gomez Argenal Memorial"]
[Site "Managua"]
[Date "2021.05.29"]
[Round "1"]
[White "Granados Diaz, Maria Esther"]
[Black "Morales Castillo, Angel"]
[Result "1-0"]
[WhiteElo "1881"]
[BlackElo "1349"]
[PlyCount "53"]
[EventDate "2021.05.29"]
[EventType "swiss"]
[EventRounds "9"]
[EventCountry "NCA"]
[SourceTitle "EXT 2022"]
[Source "ChessBase"]
[SourceDate "2021.10.06"]
[SourceVersion "1"]
[SourceVersionDate "2021.10.06"]
[SourceQuality "1"]

1. e4 c5 2. Nf3 Nc6 3. d4 cxd4 4. Nxd4 a6 5. Nc3 e6 6. a3 d6 7. Be3 Be7 8. Bc4 Nf6 9. 0-0 Nxe4 10. Nxe4 d5 11. Nxc6 bxc6 12. Bb3 dxe4 13. Qg4 0-0 14. Qxe4 Qc7 15. Rad1 Kh8 16. Bf4 Qb6 17. Rd3 f5 18. Qe2 c5 19. Rh3 g6 20. Be5+ Bf6 21. Bxf6+ Rxf6 22. Qe5 Kg7 23. Rxh7+ Kxh7 24. Qxf6 Ra7 25. Rd1 Bd7 26. Rd3 Rc7 27. Rh3+ 1-0

[Event "NCA-ch (Women) final"]
[Site "Managua"]
[Date "2021.04.11"]
[Round "5"]
[White "Granados Diaz, Maria Esther"]
[Black "Martinez Gutierrez, Camila Renata"]
[Result "1-0"]
[WhiteElo "1895"]
[BlackElo "1208"]
[PlyCount "105"]
[EventDate "2021.03.27"]
[EventType "tourn"]
[EventRounds "9"]
[EventCountry "NCA"]
[SourceTitle "EXT 2022"]
[Source "ChessBase"]
[SourceDate "2021.10.06"]
[SourceVersion "1"]
[SourceVersionDate "2021.10.06"]
[SourceQuality "1"]

1. e4 g6 2. d4 Bg7 3. Nc3 d6 4. g4 Nc6 5. Be3 e5 6. d5 Nd4 7. g5 Ne7 8. h4 c6 9. dxc6 Nexc6 10. Qd2 Bg4 11. Be2 Nb4 12. Bxd4 exd4 13. Nb5 Bxe2 14. Nxe2 Nc6 15. 0-0-0 0-0 16. Nbxd4 Qb6 17. Rh3 Ne5 18. Rb3 Nc4 19. Qb4 Rac8 20. Qxb6 Nxb6 21. Nb5 Na4 22. Nxd6 Nc5 23. Rb5 Rc7 24. f4 Rd8 25. e5 b6 26. Nc3 Ne6 27. Nd5 Rcd7 28. Rb3 Nxf4 29. Nf6+ Bxf6 30. gxf6 h5 31. Rb4 Ne2+ 32. Kb1 Ng3 33. Rbd4 Kh7 34. c3 Ne2 35. R4d2 Ng3 36. Kc2 Rg8 37. Rg2 Nf5 38. Nxf5 Rxd1 39. Kxd1 gxf5 40. Rxg8 Kxg8 41. Ke2 Kh7 42. Kf3 Kg6 43. a4 a6 44. b3 Kh6 45. a5 b5 46. c4 bxc4 47. bxc4 Kh7 48. c5 Kg8 49. c6 Kh7 50. c7 Kh8 51. c8Q+ Kh7 52. Qf8 Kg6 53. Qg7# 1-0

[Event "NCA-ch (Women) final"]
[Site "Managua"]
[Date "2021.04.11"]
[Round "6"]
[White "Narvaez Talavera, Joanie Ellen"]
[Black "Granados Diaz, Maria Esther"]
[Result "1/2-1/2"]
[WhiteElo "1753"]
[BlackElo "1895"]
[PlyCount "141"]
[EventDate "2021.03.27"]
[EventType "tourn"]
[EventRounds "9"]
[EventCountry "NCA"]
[SourceTitle "EXT 2022"]
[Source "ChessBase"]
[SourceDate "2021.10.06"]
[SourceVersion "1"]
[SourceVersionDate "2021.10.06"]
[SourceQuality "1"]

1. d4 Nf6 2. c4 c5 3. d5 b5 4. cxb5 a6 5. bxa6 Bxa6 6. g3 d6 7. Bg2 g6 8. Nf3 Bg7 9. 0-0 Nbd7 10. Nc3 0-0 11. Rb1 Nb6 12. b3 Nfd7 13. Bb2 Qc7 14. Re1 Rfb8 15. h4 Nf6 16. e4 Nbd7 17. Ba1 Ng4 18. h5 Nge5 19. Bf1 Bxf1 20. Rxf1 Nxf3+ 21. Qxf3 c4 22. b4 Ne5 23. Qe2 Nd3 24. b5 Ra3 25. b6 Qd7 26. Nb5 Ra6 27. Bxg7 Kxg7 28. Qc2 Raxb6 29. a4 Qh3 30. Qxc4 Ne5 31. Qc3 f6 32. f4 Ng4 33. Rb2 gxh5 34. Rg2 Kf7 35. e5 h4 36. exd6 exd6 37. Re1 R8b7 38. gxh4 Qxh4 39. Qd2 f5 40. Qe2 Re7 41. Qxe7+ Qxe7 42. Rxe7+ Kxe7 43. Ra2 Nf6 44. Nd4 Nxd5 45. a5 Ra6 46. Nxf5+ Kf6 47. Rd2 Kxf5 48. Rxd5+ Kxf4 49. Rb5 Ra7 50. Rd5 Ra6 51. Rb5 Rc6 52. Rb6 Rc1+ 53. Kf2 Ke5 54. a6 Ra1 55. Rb7 Rxa6 56. Rxh7 d5 57. Ke3 Ra3+ 58. Kd2 Kd4 59. Rh4+ Kc5 60. Rh5 Kc4 61. Rh4+ d4 62. Rh8 Ra2+ 63. Kc1 Kc3 64. Rc8+ Kd3 65. Rh8 Re2 66. Rh3+ Re3 67. Rh8 Re1+ 68. Kb2 Kd2 69. Kb3 d3 70. Kc4 Rc1+ 71. Kb3 1/2-1/2

[Event "NCA-ch (Women) final"]
[Site "Managua"]
[Date "2021.03.28"]
[Round "3"]
[White "Granados Diaz, Maria Esther"]
[Black "Granados Ortiz, Maria Jose"]
[Result "1-0"]
[WhiteElo "1895"]
[BlackElo "1717"]
[PlyCount "125"]
[EventDate "2021.03.27"]
[EventType "tourn"]
[EventRounds "9"]
[EventCountry "NCA"]
[SourceTitle "EXT 2022"]
[Source "ChessBase"]
[SourceDate "2021.10.06"]
[SourceVersion "1"]
[SourceVersionDate "2021.10.06"]
[SourceQuality "1"]

1. e4 Nf6 2. e5 Nd5 3. c4 Nb6 4. c5 Nd5 5. Nc3 Nxc3 6. dxc3 d6 7. cxd6 exd6 8. exd6 Bxd6 9. Nf3 0-0 10. Be2 Nc6 11. 0-0 Bf5 12. Be3 h6 13. Qb3 b6 14. Rad1 Be6 15. Qb5 Qe8 16. b3 Ne7 17. Nd4 Bd7 18. Qh5 Ng6 19. g3 Qe5 20. Qxe5 Nxe5 21. f4 Ng4 22. Bc1 Rfe8 23. Bf3 Rac8 24. Rfe1 Kf8 25. h3 Nf6 26. Kg2 Rxe1 27. Rxe1 c5 28. Nc2 Bc6 29. Bxc6 Rxc6 30. Ne3 Bb8 31. Nf5 Ne8 32. c4 Re6 33. Rxe6 fxe6 34. Nh4 Nf6 35. Kf3 Kf7 36. Ng2 g6 37. Bb2 h5 38. Ne1 Nd7 39. Nd3 Ke7 40. g4 Kf7 41. g5 Bd6 42. Ke4 Bb8 43. a3 Bd6 44. b4 cxb4 45. axb4 a5 46. bxa5 bxa5 47. Bd4 a4 48. c5 Bc7 49. Ke3 Ke7 50. Kd2 Nb8 51. Be5 Ba5+ 52. Kc2 Nc6 53. Bd6+ Kd7 54. Kb2 Bb4 55. Ka2 Bd2 56. Ka3 Na5 57. Ne5+ Ke8 58. Kxa4 Nb7 59. Nxg6 Nxd6 60. cxd6 Kd7 61. Ne5+ Ke8 62. g6 Kf8 63. d7 1-0